01572cam a2200337 a 4500952013100000999001700131001000800148003000400156005001700160008004100177010001700218020002600235040001800261043001200279050002400291082003800315100004400353245015700397250001800554260008700572300002500659500010100684500002000785650004400805650004900849650005600898700009800954740008701052906004501139942005001184 00102ddc40708LAWaMESbMEScLAWd2019-02-20g35.00l0o343.540524 BHA/Lp9834r2019-02-20 00:00:00w2019-02-20yREFzGL9R5 c35428d354282839441OSt20200109160029.0840731s1982 ii 001 0 eng  a 83906007  cRs35.00 ($11.00 U.S.) aDLCcDLCdDLC aa-ii---00aKNS2790b.B437 198200a343.540524a345.403524219bBHA/L1 aBhattacharya, Sukumar,d1923-20059111410aLaw & practice of wealth tax, gift tax, estate duty & compaines [i.e. companies] (profits) surtax, as amended upto July 1982 /cby Sukumar Bhattacharya. a9th ed., rev. aAgra :bWadhwa ;aNagpur, India :bSole selling agents, Wadhwa Sales Corp.,c1982. aiv, 615 p. ;c25 cm. aRev. ed. of: Law and practice of wealth-tax, gift-tax, companies (profits) surtax. 3rd ed. 1969. aIncludes index. 0aWealth taxxLaw and legislationzIndia. 0aGiftsxTaxationxLaw and legislationzIndia. 0aCorporationsxTaxationxLaw and legislationzIndia.1 aBhattacharya, Sukumar.tLaw and practice of wealth-tax, gift-tax, companies (profits) surtax.0 aLaw and practice of wealth tax, gift tax, estate duty & compaines [i.e. companies] a7bcbccorignewd2encipf19gy-gencatlg 2ddccBKh343.540524iBHA/Lk343.540524mBHA/L